000 01625cad a22002175a 4500
001 L156205
008 120503s2012 xxk 000 0 eng d
035 _a(Sirsi) u156205
041 0 _aeng
110 2 _aJones Lang LaSalle
_93755
245 0 0 _aGlobal office index Q4 2011
_brental growth despite economic uncertainty
_h[electronic resource]
260 _a[S.l.]
_bJLL
_c2012
490 0 _aJones Lang LaSalle Global Office Index Global Foresight Series
_vQ4 2011
520 _aTracks the rental performance of prime office space across 81 major markets in the Americas, Asia Pacific and Europe. Prime office rents continued to grow in major office markets during Q4 2011. Rents for prime office space in the world's major cities rose by 0.8% during during Q4 2011 and are up 6.0% yera-on-year. Prime rents have increased for eight consecutive quarters resulting in a 10% uplift since the bottom of the market in Q4 2009. Rental growth has slowed further from the 1.2% rise in Q3. Regionally office rental increases slowed across Asia Pacific, Europe displayed mixed rental growth patterns and the Americas showed stable overal growth.
520 _aGlobal Office Index - Prime Rents 2000-2011; Global Office Index - Prime Rents 2008-2011; Global Office Index: quarterly rental performance across 81 cities quarterly change Q4 2011 v Q3 2011 - annual change Q4 2011 v Q4 2010.
590 _aKA
651 4 _aInternational
690 _aCommercial property
_96227
856 4 0 _uhttps://www.joneslanglasalle.ca/ResearchLevel1/Global-Office-Index-Q4-2011-CAN.pdf
_zView the index at www.joneslanglasalle.com
942 _n0
999 _c83967
_d83967